LEADER 01378nam a2200253 i 4500 001 000000005285 003 CaOOAMICUS 005 20220405144345.0 008 180830s1788 xxk u000 u eng u 040 $aSeMil$bita 100 1 $aRobertson, William,$d<1721-1793>.$0(OLS)http://semarc/name/89450 245 14$aThe history of the reign of the emperor Charles 5. with a view of the progress of society in Europe from the subversion of the Roman Empire, to the beginning of the sixteenth century by William Robertson ... Vol. 1. [-4.]. 250 $aA new edition. 260 $aBasil :$bPrintes by J. J. Tourneisen,$c1788. 300 $a4 v. ;$c8°. 600 04$aCarlo V : d'Asburgo .$0(OLS)http://semarc/subject/5535 700 1 $aThurneysen, Johann Jakob$b<3.,$cEditore,$d1754-1803>.$0(OLS)http://semarc/name/89451 774 0 $tVol. 1.$g1$w()253291 774 0 $tVol. 2.$g2$w()254660 774 0 $tVol. 3.$g3$w()254661 774 0 $tVol. 4.$g4$w()254659 996 $6245$aThe history of the reign of the emperor Charles 5. with a view of the progress of society in Europe from the subversion of the Roman Empire, to the beginning of the sixteenth century by William Robertson ... Vol. 1. [-4.]$9(OLS)http://semarc/title/400775 996 $6260$aBasil :$bPrintes by J. J. Tourneisen$9(OLS)http://semarc/publisher/55729 LEADER 01506nam a2200205 i 4500 001 000000225410 003 CaOOAMICUS 005 20210826141842.0 008 131204s1690 gw u000 u mul u 013 $a204312 026 $ad.98 umm- n-um spha (7) 1690 (R) [*= caratteri greci] 040 $aSeMil$bita 245 10$aTomus secundus. Quo poemata omnia graece & latine, una cum doctissimis Graecorum Nicetae Serronii, Psellii, Nonii, Eliae Cretensis & Jacobi Billii commentariis in omnis ejusdem Gregorii scripta, continentur. Cum duplici indice in poemata commentarios. 300 $a[4], 1544 col., [44] p. 500 $aSegn.: pg2 A-3R6 3S8 3T-3X6 3Y4. 773 0 $aGregorius : Nazianzenus, $tTou en agiois patros emon Gregoriou Nazianzenou ta euriskomena. Sancti patris nostri Gregorii Nazianzeni theologi, opera. Jac. Billius Prunaeus, ... emendavit, interpretatus est, una cum doctissimis Graecorum Nicetae Serronii, Pselli, Nonii, & Eliae Cretensis commentariis.$dColoniae : Sumptibus Mauritii Georgii Weidmanni, 1690.$g2$w()5436 850 $aSeMil 852 $aSeMil$W1$xVenegono$y1$m2P VI 2 FA$j175756$B175756$CSeMilBibl$Z2$F186183 $8I 996 $6245$aTomus secundus. Quo poemata omnia graece & latine, una cum doctissimis Graecorum Nicetae Serronii, Psellii, Nonii, Eliae Cretensis & Jacobi Billii commentariis in omnis ejusdem Gregorii scripta, continentur. Cum duplici indice in poemata commentarios$9(OLS)http://semarc/title/322873